00471 2200193 4500001002100000005001500021008004100036020002200077035001900099041000700118082000800125090001400133100001600147245003900163260003200202300002000234500000600254650001700260INLIS00000000000290320241224112625241224||||||||| | ||| |||| || |  a978-602-247-022-9 0010-1224002903 aid0 a813 a813 FOL h0 aGalen Foley00aHer Only Desire : Hasrat Terpendam aJakartabDastan Booksc2012 a488 hlm.; 18 cm a1 0aKesusastraan